[Event "Politiken Cup"]
[Site "Copenhagen DEN"]
[Date "2004.07.29"]
[Round "7"]
[White "Bogdanov,D"]
[Black "Bank,P"]
[Result "0-1"]
[WhiteElo "2129"]
[BlackElo "2277"]

1.e4 g6 2.d4 Bg7 3.Nc3 c6 4.Bc4 d6 5.Qf3 e6 6.Bf4 b5 7.Bb3 a5 8.a3 Ba6 9.Nge2 Qc7
10.O-O Nd7 11.Rfd1 Rc8 12.Qh3 Nb6 13.d5 e5 14.Be3 c5 15.a4 b4 16.Nb5 Qd8
17.c4 Nf6 18.f3 O-O 19.Rdc1 Ra8 20.Bg5 Qb8 21.Qh4 Nbd7 22.Bc2 Kh8 23.Rf1 Ng8
24.Be7 Nxe7 25.Qxe7 Bxb5 26.axb5 Nf6  0-1

[Event "Politiken Cup"]
[Site "Copenhagen DEN"]
[Date "2004.07.30"]
[Round "8"]
[White "Nolsoe,E"]
[Black "Andreasen,P"]
[Result "0-1"]
[WhiteElo "2212"]
[BlackElo "2309"]

1.e4 g6 2.d4 Bg7 3.Nc3 c6 4.Nf3 d5 5.e5 f6 6.h3 Nh6 7.Bf4 Nf7 8.Qd2 O-O 9.O-O-O Be6
10.g4 Nd7 11.Qe3 fxe5 12.dxe5 Qb6 13.Nd4 Nd8 14.Bg3 Nc5 15.Bg2 Bd7 16.Nde2 Nde6
17.Kb1 Rad8 18.Rhf1 g5 19.Bxd5 cxd5 20.Nxd5 Qa6 21.Nxe7+ Kf7 22.Nf5 Bb5 23.Nd6+ Kg8
24.Rfe1 Bxe2 25.Rxe2 Qc6 26.Red2 Rf3 27.Qe2 Na4 28.Rd5 Rf4 29.Qe1 Nb6 30.R5d3 Rf3
31.R3d2 Na4 32.Ka1 Rc3 33.Qe2 Rc5 34.c3 Nxc3 35.bxc3 Rxc3 36.Rb1 Rxg3 37.fxg3 Rxd6
38.Rc2 Qd5 39.Re1 Qd4+ 40.Kb1 Rb6+ 41.Rb2 Bxe5 42.Rxb6 Qxb6+ 43.Kc1 Qc5+
44.Qc2 Qxc2+ 45.Kxc2 Nd4+ 46.Kd3 Nc6 47.Rb1 b6 48.Ke4 Bxg3 49.Kf5 Bf4 50.h4 Ne7+
51.Ke4 Ng6 52.h5 Ne5 53.Kf5 Kf7 54.Rd1 Ke7 55.Re1 b5 56.Rb1 Nc4 57.Re1+ Ne3+
58.Ke4 Nxg4 59.Kd5+ Ne3+ 60.Kc5 Kf6 61.Kxb5 Nf5 62.Rd1 Be3  0-1

[Event "Open Dutch Champ"]
[Site "Dieren NED"]
[Date "2004.07.31"]
[Round "5"]
[White "Smits,Mar"]
[Black "Kuipers,E"]
[Result "1/2-1/2"]
[WhiteElo "2200"]
[BlackElo "2263"]

1.e4 c6 2.d4 g6 3.Nc3 Bg7 4.Be3 d5 5.Qd2 dxe4 6.Nxe4 Bf5 7.Ng3 Be6 8.N1e2 Nf6
9.Nf4 Bc8 10.O-O-O Nbd7 11.h4 h5 12.Bc4 Nb6 13.Bb3 Nbd5 14.Nxd5 cxd5 15.Rhe1 a5
16.a3 Be6 17.Bg5 Qd7 18.f3 b5 19.Ne2 a4 20.Ba2 O-O 21.Nf4 Bf5 22.Qb4 Rfc8
23.Nd3 Bxd3 24.Rxd3 e6 25.Qd2 Ra6 26.Kb1 Rac6 27.c3 Ne8 28.g4 hxg4 29.fxg4 Nd6
30.Qh2 Ne4 31.Bc1 Bf8 32.Qg2 Qb7 33.h5 g5 34.Rde3 b4 35.axb4 a3 36.Rxe4 dxe4
37.d5 axb2 38.Bxb2 Rxc3 39.dxe6 Qxb4 40.exf7+ Kh8 41.Rxe4 Qd6 42.Qf3 Qb6
43.Qe3 Qb5 44.Qd2 Kh7 45.Rc4 R8xc4 46.Bxc4 Qxc4 47.Qxc3 Qf1+ 48.Qc1 Qxf7
49.Qc2+ Kg8 50.Qe4 Qf1+ 51.Kc2 Qf2+ 52.Kb3 Qb6+ 53.Ka2 Qa6+ 54.Kb1 Qf1+ 55.Bc1 Qb5+
56.Kc2 Qc5+ 57.Kb1  1/2-1/2

[Event "12th GM"]
[Site "Lippstadt GER"]
[Date "2004.07.31"]
[Round "8"]
[White "Buhmann,R"]
[Black "Maiwald,JU"]
[Result "1/2-1/2"]
[WhiteElo "2532"]
[BlackElo "2524"]

1.d4 g6 2.e4 Bg7 3.Nc3 c6 4.h4 d5 5.h5 dxe4 6.Be3 Nf6 7.Bc4 gxh5 8.Nge2 Bf5
9.Nf4 Nbd7 10.Nxh5 Nxh5 11.Qxh5 Bg6 12.Qh4 Nb6 13.Bb3 Bf6 14.Qh2 Qd6 15.Qh3 h5
16.O-O-O e6 17.f3 exf3 18.Qxf3 Qe7 19.Ne2 Nd5 20.Bd2 Bg5 21.c4 Bxd2+ 22.Rxd2 Nf6
23.Nf4 Bf5 24.Bc2 Bxc2 25.Kxc2 O-O-O 26.Nxh5 Nxh5  1/2-1/2

[Event "Open"]
[Site "Charleroi BEL"]
[Date "2004.08.01"]
[Round "3"]
[White "Petrov,Marij"]
[Black "Faybish,N"]
[Result "1-0"]
[WhiteElo "2441"]
[BlackElo "2178"]

1.e4 g6 2.d4 Bg7 3.Nc3 c6 4.Nf3 d6 5.a4 a5 6.h3 Nf6 7.Be3 O-O 8.Be2 Qc7 9.O-O e5
10.dxe5 dxe5 11.Nd2 Be6 12.Bc4 Re8 13.Bxe6 Rxe6 14.Nc4 Nbd7 15.Qe2 Bf8 16.Rfd1 Bb4
17.f3 Bc5 18.Rd2 Kg7 19.Rad1 h6 20.g4 Bxe3+ 21.Qxe3 b5 22.Nd6 b4 23.Ne2 Qb6
24.Qf2 Qxf2+ 25.Kxf2 Nb6 26.b3 Re7 27.Nc1 Rd7 28.Nc4 Rxd2+ 29.Nxd2 Nfd7 30.Nd3 Kf6
31.Nb2 Ke6 32.Ndc4 Nxc4 33.Nxc4 Ra6 34.h4 Ke7 35.h5 gxh5 36.gxh5 f5 37.exf5 Nf6
38.Nxe5 c5 39.Ng6+ Kf7 40.Nf4 Rc6 41.Ne6 Ke7 42.Re1 Kd6 43.Nd8 Rb6 44.Re6+ Kc7
45.Rxb6 Kxb6 46.Nf7 c4 47.Nxh6 Nxh5 48.Ng4 Kc5 49.Ke3 c3 50.f6 Kd6 51.f7 Ke7
52.Ne5 Nf6 53.Kf4 Nd5+ 54.Ke4 Nb6 55.Kf5  1-0

[Event "Open"]
[Site "Charleroi BEL"]
[Date "2004.08.02"]
[Round "4"]
[White "Andre,D"]
[Black "Foisor,O"]
[Result "1/2-1/2"]
[WhiteElo "2114"]
[BlackElo "2399"]

1.e4 g6 2.d4 Bg7 3.Nc3 c6 4.Be3 d5 5.e5 f6 6.f4 Nh6 7.Be2 O-O 8.Qd2 Ng4 9.Bxg4 Bxg4
10.h3 Be6 11.Nf3 Na6 12.O-O-O b5 13.g4 Qd7 14.Nh4 fxe5 15.fxe5 b4 16.Ne2 c5
17.Nf4 cxd4 18.Qxd4 Nc7 19.Nf3 a5 20.Ng5 Kh8  1/2-1/2

[Event "9th Open"]
[Site "Creon FRA"]
[Date "2004.08.02"]
[Round "1"]
[White "Aout,S"]
[Black "Seifried,J"]
[Result "1-0"]
[WhiteElo "2198"]
[BlackElo "1956"]

1.e4 g6 2.d4 Bg7 3.Nc3 c6 4.Be3 d5 5.Qd2 dxe4 6.Nxe4 Nd7 7.O-O-O Ngf6 8.Nxf6+ Nxf6
9.Bc4 a5 10.Nf3 Ne4 11.Qe2 Nd6 12.Bd3 Be6 13.Kb1 h6 14.Ne5 Nf5 15.Be4 O-O
16.h4 Nd6 17.Bd3 Bf5 18.h5 Bxd3 19.Rxd3 g5 20.f4 f6 21.Ng6 Rf7 22.Bd2 Nc4
23.Bc1 a4 24.Qe6 Nd6 25.fxg5 fxg5 26.Ne5 Bxe5 27.dxe5 Qc8 28.Qxh6 Ne4 29.Qg6+  1-0

[Event "XI Summer Open"]
[Site "Nice FRA"]
[Date "2004.08.03"]
[Round "2"]
[White "Harestad,H"]
[Black "Mrdja,M"]
[Result "0-1"]
[WhiteElo "2280"]
[BlackElo "2432"]

1.d4 g6 2.e4 Bg7 3.Nc3 c6 4.g3 d5 5.e5 f6 6.exf6 exf6 7.Bg2 Ne7 8.Nge2 g5
9.h4 h6 10.Be3 Bf5 11.Qd2 Na6 12.O-O-O Qd7 13.Kb1 O-O-O 14.f3 Kb8 15.g4 Bh7
16.Ng3 Nb4 17.Rc1 c5 18.Nh5 Nec6 19.Nxg7 Qxg7 20.f4 h5 21.a3 cxd4 22.Bxd4 Nxd4
23.Qxd4 Nc6 24.Qf2 d4 25.Ne4 gxh4 26.gxh5 Rhe8 27.Rce1 d3 28.cxd3 Rxd3 29.f5 Red8
30.Rh3 R3d5 31.Ka1 Rxf5 32.Rf3 Rxf3 33.Qxf3 Nd4 34.Qf4+ Ka8 35.Qf2 Qe7 36.Re3 f5
37.Rd3 h3 38.Bxh3 Qxe4 39.Re3 Qxe3  0-1

[Event "9th Open"]
[Site "Creon FRA"]
[Date "2004.08.05"]
[Round "6"]
[White "Jaureguiberry,C"]
[Black "Chatalbashev,B"]
[Result "0-1"]
[WhiteElo "2180"]
[BlackElo "2561"]

1.e4 g6 2.d4 Bg7 3.Nc3 c6 4.f4 d5 5.e5 Nh6 6.Nf3 f6 7.Be3 Bg4 8.Qd2 Bxf3
9.gxf3 Nf5 10.O-O-O Nd7 11.h4 Qa5 12.h5 O-O-O 13.Bh3 e6 14.Bf2 fxe5 15.fxe5 Bh6
16.f4 Nb6 17.Bxf5 gxf5 18.Kb1 Nc4 19.Qc1 Rhg8 20.Rdg1 Qb4 21.Ne2 Na3+ 22.Ka1 Qc4
23.Nc3 c5 24.Nxd5 Rxg1 25.Rxg1 Rxd5 26.bxa3 cxd4 27.Bh4 Bxf4 28.Rg8+ Kc7
29.Qxf4 Qc3+ 30.Kb1 Rb5+ 31.Kc1 Qxa3+ 32.Kd2 Qc3+ 33.Kc1 Rc5 34.Rg7+ Kb6
35.Rg2 d3 36.Bd8+ Kb5  0-1

[Event "Open Dutch Champ"]
[Site "Dieren NED"]
[Date "2004.08.05"]
[Round "9"]
[White "Bezemer,A"]
[Black "Van der Wiel,J"]
[Result "0-1"]
[WhiteElo "2375"]
[BlackElo "2502"]

1.e4 g6 2.d4 Bg7 3.Nc3 c6 4.Be3 d5 5.Qd2 dxe4 6.Nxe4 Nd7 7.O-O-O Ngf6 8.Ng3 h5
9.h4 Nb6 10.Nf3 Bg4 11.Be2 Bxf3 12.Bxf3 Nc4 13.Qe2 Nxe3 14.fxe3 Qc7 15.Ne4 Nxe4
16.Bxe4 O-O-O 17.g4 hxg4 18.Qxg4+ e6 19.Bf3 Bh6 20.Qe4 Rhe8 21.Rhg1 e5 22.dxe5 Rxd1+
23.Rxd1 Qxe5 24.Qg4+ Re6 25.Rd3 Bxe3+ 26.Kb1 Bf4 27.a3 f5 28.Qh3 Kc7 29.Ka2 Rd6
30.Rc3 Qe6+ 31.Kb1 Qe1+ 32.Ka2 Rd2 33.Bg2 Qe6+ 34.b3 Qe2  0-1

[Event "Open"]
[Site "Kavala GRE"]
[Date "2004.08.05"]
[Round "7"]
[White "Szabo,Zso2"]
[Black "Angelis,M"]
[Result "1-0"]
[WhiteElo "2437"]
[BlackElo "2271"]

1.e4 g6 2.d4 Bg7 3.Nc3 c6 4.Nf3 Nh6 5.h3 f6 6.Bd3 Nf7 7.O-O O-O 8.Re1 e6
9.e5 f5 10.Ne2 Na6 11.h4 b6 12.Nf4 Nc7 13.Bc4 Nd5 14.Nd3 h6 15.Bb3 b5 16.a4 bxa4
17.Rxa4 Nh8 18.c4 Nc7 19.Bd2 Rf7 20.Ba5 Bb7 21.Nc5 Qc8 22.d5 Na6 23.Nxa6 Bxa6
24.dxe6 dxe6 25.c5 Bb5 26.Rd4 Kh7 27.Rd8 Qb7 28.Rxa8 Qxa8 29.Bxe6 Re7 30.Ba2 Qe8
31.e6 Bxb2 32.Bd8 Rd7 33.e7 a5 34.h5 a4 35.hxg6+ Nxg6 36.Ng5+ Kh8 37.Qh5  1-0

[Event "Open"]
[Site "Kavala GRE"]
[Date "2004.08.07"]
[Round "9"]
[White "Aroshidze,L"]
[Black "Shavtvaladze,N"]
[Result "1/2-1/2"]
[WhiteElo "2401"]
[BlackElo "2439"]

1.e4 g6 2.d4 Bg7 3.Nc3 c6 4.Bc4 d6 5.Qf3 e6 6.Nge2 b5 7.Bb3 a5 8.a3 Ba6 9.O-O Nd7
10.Bf4 Qe7 11.e5 d5 12.Qe3 f6  1/2-1/2

[Event "FSGM August"]
[Site "Budapest HUN"]
[Date "2004.08.11"]
[Round "5"]
[White "Turov,M"]
[Black "Manca,F"]
[Result "1/2-1/2"]
[WhiteElo "2536"]
[BlackElo "2366"]

1.e4 g6 2.d4 Bg7 3.Nc3 c6 4.Nf3 d5 5.h3 Nf6 6.Bd3 dxe4 7.Nxe4 Nxe4 8.Bxe4 O-O
9.O-O Nd7 10.c3 Qc7 11.Re1 b6 12.Bg5 e6 13.Qd2 Bb7 14.Rad1 Nf6 15.Bh6 Rad8
16.Bxg7 Kxg7 17.Ne5 Nxe4 18.Rxe4 Qe7 19.Re3 c5 20.Rd3 Be4 21.Rg3 cxd4 22.Qf4 dxc3
23.Rxd8 Qxd8 24.Rxc3 Bd5 25.Ng4 g5 26.Qc1 f6 27.h4 h5 28.Ne3 g4 29.Nf1 Be4
30.Qe1 Bf5 31.Ng3 Kg6 32.Qc1 Qd6 33.Nxf5 exf5 34.Rc6 Qe5 35.a4 Kg7 36.g3  1/2-1/2

[Event "HZ Open"]
[Site "Vlissingen NED"]
[Date "2004.08.12"]
[Round "7"]
[White "Vedder,R"]
[Black "Iordachescu,V"]
[Result "0-1"]
[WhiteElo "2238"]
[BlackElo "2633"]

1.e4 g6 2.d4 Bg7 3.Nc3 c6 4.Nf3 d6 5.Be3 Qb6 6.a3 Bg4 7.Be2 Bxf3 8.gxf3 e6
9.O-O d5 10.Qd2 Nd7 11.b4 Ne7 12.Na4 Qd8 13.Nc5 b6 14.Nxd7 Qxd7 15.Rfd1 O-O
16.Bh6 Nc8 17.c3 Nd6 18.Bxg7 Kxg7 19.Qe3 a5 20.Kh1 Ra7 21.Rg1 axb4 22.axb4 Rfa8
23.Rxa7 Rxa7 24.Rg3 Qe7 25.Rg1 b5 26.Bd3 Ra3 27.e5 Ne8 28.Rc1 Kg8 29.f4 Ng7
30.Qg3 Nh5 31.Qg5 f6 32.Qh4 Ra2 33.Re1 Qf7 34.Be2 Ng7 35.Qxf6 Qxf6 36.exf6 Ne8
37.Bg4 Nxf6 38.Bxe6+ Kf8 39.Bc8 Ne4 40.Bb7 Nxc3 41.Bxc6 Rxf2 42.Re3 Na2 43.Re8+ Kg7
44.Re7+ Kf6 45.Rxh7 Nxb4 46.Bxb5 Rxf4 47.Be8 Re4 48.Rb7 Rxe8 49.Rxb4 Re4
50.Kg2 Kf5 51.Kf3 Rf4+ 52.Kg3 g5 53.h3 Ke4 54.Rb8 Kxd4 55.Rg8 Rf5 56.Kg4 Ke4
57.Ra8 d4 58.Ra1 Re5  0-1

[Event "Stork YM"]
[Site "Hengelo NED"]
[Date "2004.08.13"]
[Round "8"]
[White "Michiels,B"]
[Black "Leenhouts,K"]
[Result "0-1"]
[WhiteElo "2450"]
[BlackElo "2305"]

1.e4 g6 2.d4 Bg7 3.Nc3 c6 4.f4 d5 5.e5 Nh6 6.Nf3 Bg4 7.h3 Bxf3 8.Qxf3 f6
9.Bd3 O-O 10.Qe3 fxe5 11.fxe5 c5 12.Qg1 cxd4 13.Qxd4 e6 14.Bd2 Nc6 15.Qa4 Nxe5
16.O-O-O Nxd3+ 17.cxd3 Rc8 18.Kb1 Qb6 19.Ka1 Rf2 20.g4 Kh8 21.Qd7 Rc6 22.Na4 Qb5
23.Nc3 Qb4 24.d4 Bxd4 25.a3 Qb3 26.Rhf1 Bxc3 27.Bxc3+ Rxc3 28.Rxf2 Qxd1+  0-1

[Event "14th Open"]
[Site "Abu Dhabi UAE"]
[Date "2004.08.14"]
[Round "1"]
[White "Hamdouchi,H"]
[Black "Bogza,A"]
[Result "1/2-1/2"]
[WhiteElo "2556"]
[BlackElo "2291"]

1.e4 g6 2.d4 Bg7 3.Nc3 c6 4.Nf3 d6 5.Be3 Nf6 6.h3 O-O 7.Qd2 Nbd7 8.e5 dxe5
9.dxe5 Nd5 10.Nxd5 cxd5 11.Bf4 Nc5 12.Bd3 Bd7 13.O-O Ne6 14.Bh6 Bc6 15.Rfe1 Qb6
16.a4 a5 17.b3 Rfd8 18.h4 d4 19.Nh2 Qb4 20.Qc1 Bd5 21.Ng4 Bh8 22.Bd2 Qb6
23.Bg5 h5 24.Nh6+ Kf8 25.g4 Bf3 26.gxh5 Bxh5 27.Bc4 Rac8 28.Re4 Bg7 29.Qa3 Rd7
30.Rae1 Qb4 31.Qc1 Rxc4 32.bxc4 Bf3 33.Ng4 Nxg5 34.Qxg5 Bxe4 35.Rxe4 Qxc4
36.e6 Rc7 37.Qf4 f5 38.h5 Qxc2 39.Rxd4 Qc1+ 40.Kg2 Qc6+ 41.f3 Bxd4 42.Qxd4 Qc2+
43.Kg3 Qc3 44.Qf4 Rc4 45.Qh6+ Qg7 46.Qd2 Rc8 47.h6 Qc3 48.h7 Kg7 49.h8=Q+ Kxh8
50.Qh6+ Kg8 51.Qxg6+ Qg7 52.Qxf5 b6 53.Qb5 Qd4 54.Qg5+ Qg7 55.Qd5 Rf8 56.Qh5 Rf6
57.Qe8+ Kh7 58.Qd7 Rg6 59.Kf4 Qf8+ 60.Ke3 Kg7 61.Qd4+ Kh7 62.Qe4 Kg7 63.Ne5 Rxe6
64.Qg4+ Kf6 65.Qf4+ Kg7  1/2-1/2

[Event "ch-ESP Abierto"]
[Site "Seville ESP"]
[Date "2004.08.15"]
[Round "3"]
[White "Garrido Dominguez,J"]
[Black "Garza Marco,S"]
[Result "1/2-1/2"]
[WhiteElo "2246"]
[BlackElo "2414"]

1.e4 g6 2.d4 Bg7 3.Nc3 c6 4.Bc4 d6 5.a4 Nf6 6.Nf3 d5 7.Bd3 dxe4 8.Nxe4 Nxe4
9.Bxe4 c5 10.dxc5 Qa5+ 11.c3 Qxc5 12.Be3 Qc7 13.a5 Nc6 14.a6 O-O 15.Qa4 Bd7
16.Qc4 Rac8 17.O-O b6 18.Rfd1 Be6 19.Bd5 Bxd5 20.Rxd5 e6 21.Rd3 Rfd8 22.Rad1 Rxd3
23.Rxd3 h6 24.h3 Kh7 25.Kh1 e5 26.Qh4 Ne7 27.Qa4 Nc6 28.Qh4 Ne7 29.Qa4 Nc6  1/2-1/2

[Event "3rd IM"]
[Site "Klaksvik FAI"]
[Date "2004.09.01"]
[Round "7"]
[White "Bjarnason,S"]
[Black "Fries Nielsen,JO"]
[Result "1/2-1/2"]
[WhiteElo "2318"]
[BlackElo "2398"]

1.e4 g6 2.d4 Bg7 3.Nc3 c6 4.Bc4 d6 5.Qf3 e6 6.Nge2 d5 7.Bb3 Nf6 8.Bf4 a5
9.a4 O-O 10.O-O Nh5 11.Bd2 f5 12.exd5 exd5 13.Rad1 Na6 14.Nf4 Nf6 15.Rfe1 Nc7
16.Qg3 Rf7 17.f3 Nd7 18.Qf2 Nf8 19.Nce2 Nce6 20.Bc3 Bf6 21.Nxe6 Nxe6 22.f4 Qc7
23.Bd2 b6 24.c3 Ba6 25.Kh1 Re8 26.Bc2 Rfe7 27.Ng1 c5 28.dxc5 bxc5 29.Bc1 d4
30.Qg3 Bg7 31.cxd4 Nxd4 32.Bb1 Bb7 33.Rxe7 Rxe7 34.Ba2+ c4 35.Be3 Rd7 36.Bxd4 Bxd4
37.Nf3 Bxb2 38.Rxd7 Qxd7 39.Bxc4+ Kg7 40.Qe1 Bf6 41.Bb5 Qc7 42.Qd2 Bxf3 43.gxf3 Kh6
44.Kg2 Be7 45.Kg3 Bb4 46.Qe3 Bd6 47.Qd4 Kh5 48.Kh3 Bxf4 49.Qf2 Qe7 50.Kg2 Qe5
51.Kh1 g5 52.Qe2 Qxe2  1/2-1/2

[Event "FSGM September"]
[Site "Budapest HUN"]
[Date "2004.09.05"]
[Round "2"]
[White "Malysheva,P"]
[Black "Dearing,E"]
[Result "0-1"]
[WhiteElo "2364"]
[BlackElo "2392"]

1.e4 g6 2.d4 Bg7 3.Nc3 c6 4.f4 d5 5.e5 Nh6 6.Be3 Ng4 7.Qd2 Bf5 8.Nd1 Qb6
9.c3 Be4 10.Nh3 Nxe3 11.Nxe3 c5 12.Ng5 cxd4 13.cxd4 Nc6 14.Rd1 Rd8 15.Be2 O-O
16.O-O e6 17.h4 h6 18.Nh3 f6 19.Kh1 fxe5 20.fxe5 Rxf1+ 21.Bxf1 Rf8 22.Nf2 Qd8
23.Nxe4 Qxh4+ 24.Kg1 Qxe4 25.Nc2 Qh4 26.Qe3 Rf5 27.g3 Rg5 28.Kg2 Ne7 29.Bd3 Nf5
30.Bxf5 gxf5 31.Rf1 Qg4 32.Ne1 Qe4+ 33.Qxe4 fxe4 34.Nc2 Rg6 35.Ne3 h5 36.Kh3 Bh6
37.Ng2 Bg5 38.Rf2 Rg7 39.Rc2 Kh7 40.Nf4 Bxf4 41.gxf4 Rg4 42.Rc7+ Kg6 43.Re7 e3
44.Rxe6+ Kf7 45.Rh6 e2 46.Rxh5 Rxf4 47.e6+ Ke7  0-1

[Event "1st Kalamaria Open"]
[Site "Thessaloniki GRE"]
[Date "2004.09.05"]
[Round "2"]
[White "Bizopoulos,A"]
[Black "Shavtvaladze,N"]
[Result "0-1"]
[WhiteElo "2027"]
[BlackElo "2439"]

1.e4 g6 2.d4 Bg7 3.Nc3 c6 4.Nf3 d6 5.Bc4 b5 6.Bb3 b4 7.Ne2 Nf6 8.Ng3 O-O
9.O-O Qc7 10.c4 Nbd7 11.Bc2 a5 12.h3 Ba6 13.b3 e5 14.Be3 Rfe8 15.dxe5 dxe5
16.Qe2 Bf8 17.Rad1 Nc5 18.Rd2 Ne6 19.Rfd1 c5 20.Bg5 Be7 21.Bxf6 Bxf6 22.Nf1 Nd4
23.Nxd4 cxd4 24.Rd3 a4 25.Ra1 Ra7 26.Rdd1 Rea8 27.Qe1 Qc5 28.Bd3 Bg5 29.Nh2 Bb7  0-1

[Event "8th WUCC"]
[Site "Instanbul TUR"]
[Date "2004.09.08"]
[Round "6"]
[White "Arutinian,D"]
[Black "Sebe Vodislav,F"]
[Result "1/2-1/2"]
[WhiteElo "2433"]
[BlackElo "2298"]

1.e4 g6 2.d4 Bg7 3.Nc3 c6 4.h3 d5 5.e5 Nh6 6.Bf4 f6 7.Qd2 Nf7 8.exf6 exf6
9.O-O-O O-O 10.h4 Nd7 11.g4 b5 12.g5 Nb6 13.h5 fxg5 14.hxg6 hxg6 15.Bg3 b4
16.Nb1 a5 17.b3 Qf6 18.f3 Bf5 19.Nh3 Rfc8 20.Qh2 c5 21.Nf2 Nd7 22.Ng4 Qc6
23.Ne3 Nf8 24.Be5 cxd4 25.Bxd4 a4 26.Bxg7 Kxg7 27.Rxd5 axb3 28.axb3 Ra1 29.Rxf5 gxf5
30.Nxf5+ Kf6 31.Bd3 Qc3 32.Qe2 Ne6 33.Nd6 Qxb3 34.Kd2 Rxc2+ 35.Bxc2 Qd5+
36.Kc1 Qxd6 37.Rd1 Qf4+ 38.Kb2 Ra7 39.Rd5 Ne5 40.Nd2 Nc5 41.Qb5 Ned7 42.Rf5+ Qxf5
43.Bxf5 Kxf5 44.Ne4 Rc7 45.Qe2 Ne5 46.Nxc5  1/2-1/2

[Event "FSGM September"]
[Site "Budapest HUN"]
[Date "2004.09.11"]
[Round "8"]
[White "Meszaros,T"]
[Black "Dearing,E"]
[Result "0-1"]
[WhiteElo "2346"]
[BlackElo "2392"]

1.e4 g6 2.d4 Bg7 3.Nc3 c6 4.Bc4 d6 5.Qf3 e6 6.Nge2 Nd7 7.Bf4 Ngf6 8.O-O-O Qe7
9.Bb3 e5 10.Bg5 h6 11.Be3 O-O 12.Qg3 Kh7 13.f4 b5 14.fxe5 dxe5 15.dxe5 Nxe5
16.Qh4 a5 17.a4 b4 18.Nb1 c5 19.Nd2 Ba6 20.c4 bxc3 21.Nxc3 Rab8 22.Bg5 Nd3+
23.Kb1 Qe5 24.Nf3 Qxc3 25.bxc3 Rxb3+ 26.Ka2 Bc4 27.Bf4 Nxf4 28.Nd2 Nxg2 29.Qg3 Rxc3+
30.Nxc4 Rxg3 31.hxg3 Nxe4 32.Rdg1 Nxg3 33.Rh2 Rb8 34.Rhxg2 Ne4 35.Re1 Nc3+
36.Ka3 Rb4 37.Nb2 c4 38.Nxc4 Rxc4 39.Rf2 Rxa4+ 40.Kb3 Rb4+ 41.Kc2 Rb7 42.Re8 Ra7  0-1

[Event "TCh-SCG 2nd Liga"]
[Site "Sutomore SCG"]
[Date "2004.09.14"]
[Round "7"]
[White "Rabrenovic,M"]
[Black "Raicevic,M"]
[Result "0-1"]
[WhiteElo "2300"]
[BlackElo "2350"]

1.e4 g6 2.d4 Bg7 3.Nc3 c6 4.Nf3 d5 5.e5 Bg4 6.h3 Bxf3 7.Qxf3 f6 8.Bf4 fxe5
9.dxe5 Nd7 10.Qg3 Nh6 11.O-O-O O-O 12.h4 Nf5 13.Qh2 e6 14.Bd3 Nc5 15.Bg5 Qc7
16.g4 Nh6 17.Bxh6 Bxh6+ 18.g5 Bg7 19.f4 Nxd3+ 20.Rxd3 h5 21.Rf1 Bxe5 22.Rdf3 Bg7
23.Qe2 Rae8 24.Qd3 Qf7 25.Ne2 Qf5 26.Qa3 a6 27.Ng3 Qg4 28.Qd3 Kh7 29.R3f2 c5
30.c3 b5 31.f5 exf5 32.Rf4 c4 33.Rxg4 cxd3 34.Rb4 Re3 35.Nh1 Rfe8 36.Kd1 R8e4
37.a3 d4 38.cxd4 Rxh4 39.Kd2 Reh3 40.Nf2 Rf3 41.d5 Rxb4 42.axb4 Bd4 43.d6 Rxf2+  0-1

[Event "FSGM September"]
[Site "Budapest HUN"]
[Date "2004.09.15"]
[Round "12"]
[White "Nguyen Ngoc Truongson"]
[Black "Dearing,E"]
[Result "0-1"]
[WhiteElo "2466"]
[BlackElo "2392"]

1.d4 g6 2.e4 Bg7 3.Nc3 c6 4.Bc4 d6 5.Qf3 e6 6.Nge2 Nd7 7.Bf4 Ngf6 8.Rd1 Qe7
9.O-O O-O 10.h3 e5 11.Bh2 b5 12.Bb3 a6 13.a4 b4 14.Nb1 c5 15.dxe5 Nxe5 16.Bxe5 Qxe5
17.Qf4 Qxb2 18.Qxd6 Nxe4 19.Qc6 Bf5 20.g4 Rac8 21.Qxa6 c4 22.gxf5 cxb3 23.cxb3 Qxb3
24.Nd2 Nxd2 25.Rxd2 Qxh3 26.f6 Qg4+ 27.Ng3 Bh6 28.Qe2 Qf4 29.Rb2 Ra8 30.Qb5 Rfb8
31.Qc6 Bf8 32.Rb3 Rc8 33.Qb7 Qxf6 34.Rf3 Qe7 35.Qd5 Rxa4 36.Ne4 Ra3 37.Rf4 Rd8
38.Qc4 Bg7 39.Rc1 Ra1 40.Rxa1 Bxa1 41.Kg2 Kg7  0-1

[Event "ZAZ Cup"]
[Site "Zaporozhye UKR"]
[Date "2004.09.19"]
[Round "1"]
[White "Pavlov,Ma"]
[Black "Onoprienko,V"]
[Result "1-0"]
[WhiteElo "2431"]
[BlackElo "2374"]

1.e4 g6 2.d4 Bg7 3.Nc3 c6 4.f4 d5 5.e5 h5 6.Nf3 Nh6 7.Be3 Bg4 8.Be2 e6 9.O-O Nf5
10.Bf2 Bh6 11.Qd2 Bxf3 12.Bxf3 Nd7 13.Ne2 g5 14.fxg5 Qxg5 15.Qd3 Nf8 16.Ng3 Nxg3
17.Bxg3 h4 18.Bf2 Ng6 19.Kh1 Ne7 20.h3 Nf5 21.Bg4 O-O-O 22.Bxf5 exf5 23.Bg1 f4
24.Bh2 Rdg8 25.Rf2 Qh5 26.Bxf4 Bxf4 27.Rxf4 Rg3 28.Qf5+ Qxf5 29.Rxf5 Rh7
30.Raf1 Rgg7 31.Kh2 Kd7 32.R1f4 Ke7 33.Rg4 a5 34.Rff4 Rxg4 35.hxg4 c5 36.c3 cxd4
37.cxd4 Rh6 38.Kh3 Rc6 39.b3 Rc2 40.a4 Rd2 41.Kxh4 Rd3 42.g5 Rxb3 43.g6 fxg6
44.g4 b5 45.Kg5 bxa4 46.Kxg6 a3 47.Rf7+ Ke6 48.Rf6+ Ke7 49.Rf2 Rb2 50.Rf3 Rd2
51.Rxa3 Rxd4 52.Kf5 a4 53.Rh3 Rd1 54.Rh7+ Kf8 55.Ra7 d4 56.Rxa4 d3 57.Ke6 Rb1
58.Rd4 Rb6+ 59.Kf5 Ke7 60.Rxd3  1-0

[Event "TCh-BEL 2004-5"]
[Site "Belgium BEL"]
[Date "2004.09.26"]
[Round "2"]
[White "Smits,May"]
[Black "Marechal,A"]
[Result "0-1"]
[WhiteElo "2182"]
[BlackElo "2258"]

1.e4 g6 2.d4 Bg7 3.Nc3 c6 4.f4 d5 5.e5 h5 6.Nf3 Nh6 7.Bd3 Bf5 8.O-O e6 9.Ne2 Bf8
10.b3 c5 11.c4 Nc6 12.cxd5 Qxd5 13.Nc3 Qd7 14.Bxf5 Nxf5 15.d5 exd5 16.Qxd5 O-O-O
17.Qxd7+ Rxd7 18.Ne4 Be7 19.Bb2 Rhd8 20.Rac1 b6 21.a3 Kb7 22.Rc3 a5 23.Re1 Ncd4
24.Nxd4 Rxd4 25.Rh3 Rd1 26.Kf2 R8d3 27.Rxd1 Rxd1 28.g4 hxg4 29.Rh7 Kc6 30.Rxf7 Bh4+
31.Ke2 Re1+  0-1

[Event "Tatry Open"]
[Site "Tatranske Zruby SVK"]
[Date "2004.09.27"]
[Round "3"]
[White "Lanc,A"]
[Black "Stradej,V"]
[Result "1-0"]
[WhiteElo "2410"]
[BlackElo "2224"]

1.e4 g6 2.d4 Bg7 3.Nc3 c6 4.f4 d5 5.e5 h5 6.Nf3 Bg4 7.Be2 e6 8.Be3 Nh6 9.Qd2 Bxf3
10.Bxf3 Nf5 11.Bf2 Bf8 12.g3 Nd7 13.Ne2 Be7 14.h3 Qb6 15.O-O-O O-O-O 16.Kb1 Kb8
17.g4 hxg4 18.hxg4 Ng7 19.Bg3 Rdg8 20.Ng1 Rxh1 21.Bxh1 Rh8 22.Bg2 Qb4 23.c3 Qa5
24.Nf3 c5 25.dxc5 Qxc5 26.Bf2 Qc7 27.Nd4 a6 28.Nb3 Nc5 29.Qe3 Nxb3 30.axb3 Rh2
31.Qg3 Rh8 32.b4 b5 33.Qe3 Qb7 34.Bf1 Ne8 35.f5 gxf5 36.gxf5 Nc7 37.f6 Bf8
38.Bd3 Na8 39.Rg1 Kc7 40.Rg7 Bxg7 41.fxg7 Rg8 42.Qg5 Kc6 43.Bh7 Qc8 44.Bxg8 Qxg8
45.Qh6  1-0

[Event "TCh-Vojvodina"]
[Site "Sombor SCG"]
[Date "2004.09.28"]
[Round "5"]
[White "Cabarkapa,V"]
[Black "Parezanin,D"]
[Result "1-0"]
[WhiteElo "2336"]
[BlackElo "2226"]

1.e4 g6 2.d4 Bg7 3.Nc3 c6 4.f4 Qb6 5.Nf3 d6 6.Bc4 Nh6 7.h3 d5 8.exd5 Nf5
9.O-O Nxd4 10.Be3 Nxf3+ 11.Rxf3 Qxb2 12.Bd4 Bxd4+ 13.Qxd4 Qxa1+ 14.Rf1 Qxf1+
15.Kxf1 O-O 16.d6 exd6 17.Ne4 Nd7 18.Nxd6 b5 19.Bd3 c5 20.Qd5 Nb6 21.Qxc5 Be6
22.f5 Bc4 23.Ne4 f6 24.Bxc4+ bxc4 25.Qe7 Rf7 26.Qe6 Kg7 27.Nd6 Rff8 28.Qe7+ Kh8
29.g4 Nd5 30.Qe4 Nb6 31.fxg6 Kg7 32.gxh7 Rad8 33.Nf5+ Kg6 34.Qe7 Kg5 35.Qg7+ Kf4
36.Qh6+ Ke5 37.Qe3+ Kd5 38.Ne7+ Kd6 39.Ng6 Nd5 40.Qg3+ Ke6 41.Nxf8+ Rxf8
42.Qh4  1-0

[Event "Monarch Assurance"]
[Site "Port Erin IOM"]
[Date "2004.10.01"]
[Round "7"]
[White "Ramaswamy,A"]
[Black "Iordachescu,V"]
[Result "0-1"]
[WhiteElo "2299"]
[BlackElo "2633"]

1.e4 g6 2.d4 Bg7 3.Nc3 c6 4.Nf3 d6 5.Be3 Qb6 6.Qc1 Bg4 7.Ne2 c5 8.c3 Nd7
9.Qd2 Ngf6 10.Ng3 O-O 11.Ng1 d5 12.f3 Be6 13.e5 Ne8 14.f4 cxd4 15.cxd4 f6
16.Bd3 Bh6 17.Nf3 Bg4 18.O-O Ng7 19.h3 Bxf3 20.Rxf3 e6 21.Raf1 fxe5 22.fxe5 Rxf3
23.gxf3 Qxd4 24.f4 Qa4 25.b3 Qa3 26.Rc1 Rf8 27.Rc7 d4 28.Be2 dxe3 29.Qxd7 Qb4  0-1

[Event "TCh-Vojvodina"]
[Site "Sombor SCG"]
[Date "2004.10.02"]
[Round "10"]
[White "Perisic,Ra"]
[Black "Sanduleac,V"]
[Result "0-1"]
[WhiteElo "2402"]
[BlackElo "2492"]

1.e4 g6 2.d4 Bg7 3.Nc3 c6 4.Be2 d5 5.Nf3 dxe4 6.Nxe4 Bf5 7.Ng3 Bg4 8.Be3 Nf6
9.c4 Qa5+ 10.Bd2 Qc7 11.Ne5 Bxe2 12.Qxe2 O-O 13.Bc3 Nbd7 14.Nf3 e6 15.O-O a6
16.Rac1 b6 17.Ng5 Rfe8 18.Qf3 h6 19.N5e4 Nxe4 20.Nxe4 f5 21.Nd2 Rad8 22.Rcd1 c5
23.dxc5 Nxc5 24.Bxg7 Qxg7 25.Qc6 Qxb2 26.Nb3 Qe2 27.Nxc5 Qxd1 28.Nxe6 Rd7
29.Nd4 Qxd4 30.Qxg6+ Kf8 31.Qxh6+ Qg7 32.Qxb6 Rde7 33.Qxa6 Re1 34.g3 R1e6
35.Qa3+ Kg8 36.Qf3 Qg4 37.Qc3 Qe4 38.c5 f4 39.Qb3 Kf7 40.Rd1 Re7 41.Qb8 fxg3
42.hxg3 Qf3 43.Rf1 Rh6 44.Qb3+ Qxb3 45.axb3 Rb7 46.Rc1 Rc6 47.Rc3 Rb5 48.Kg2 Rcxc5
49.Rd3 Rc2 50.Rd1 Rxb3 51.g4 Ke6 52.Rd8 Rb7 53.Kg3 Rf7 54.Re8+ Kd7 55.Re4 Rfxf2
56.g5 Rg2+ 57.Kf4 Rcf2+ 58.Ke3 Re2+  0-1

[Event "19th Open"]
[Site "Le Touquet FRA"]
[Date "2004.10.25"]
[Round "1"]
[White "Klein,Fe"]
[Black "Okhotnik,V"]
[Result "0-1"]
[WhiteElo "2125"]
[BlackElo "2426"]

1.e4 g6 2.d4 Bg7 3.Nc3 c6 4.Nf3 d5 5.Bg5 Qb6 6.exd5 Qxb2 7.Bd2 Qb6 8.Rb1 Qd8
9.dxc6 Nxc6 10.d5 Nb8 11.Bb5+ Nd7 12.O-O Nf6 13.d6 e6 14.Bg5 h6 15.Bxf6 Qxf6
16.Ne4 Qf5 17.Re1 O-O 18.Bxd7 Bxd7 19.Rxb7 Rfd8 20.Rc7 Qa5 21.Nc5 Bc8 22.h3 Qb6
23.Ne4 Bb7 24.Nfd2 Rac8 25.Rxc8 Rxc8 26.c4 f5 27.Ng3 Qxd6 28.Qe2 e5 29.Ngf1 e4
30.Rd1 Qa6 31.Nb3 Qe6 32.Ne3 Ba6 33.Nd4 Bxc4 34.Nxe6 Bxe2 35.Rd2 Rc1+ 36.Kh2 Be5+
37.g3 Bf3 38.Ng2 Kf7 39.Nef4 Bxf4 40.gxf4 g5 41.Rd7+ Kg6 42.Rxa7 Bxg2 43.Ra6+ Kh5
44.Kxg2 gxf4 45.f3 Rc2+ 46.Kf1 e3 47.a4 Rf2+ 48.Ke1 Rxf3 49.Rb6 Rxh3 50.Rb3 Kg4  0-1